Universum25 - Ebbe und Flut Lyrics Quiz - Statistiken

Allgemein
  • Dieses Quiz wurde 7 mal gespielt
    4 seit der letzten Aktualisierung
  • Das Durchschnittsergebnis liegt bei 19 aus 192
Antwortstatistiken
Antwort % Korrekt
Ebbe
100%
Flut
100%
Und
67%
wie
67%
Da
33%
der
33%
die
33%
Die
33%
ist
33%
sie
33%
altes
0%
Anker
0%
Asche
0%
auf
0%
aufersteht
0%
aus
0%
Dann
0%
dem
0%
den
0%
Doch
0%
ein
0%
einer
0%
endlich
0%
entfacht
0%
ewig
0%
falsche
0%
Feuer
0%
Flamme
0%
Frau
0%
ganze
0%
gedreht
0%
Geld
0%
geliebt
0%
gemacht
0%
gierigen
0%
Glut
0%
Gold
0%
gut
0%
hab
0%
Hab
0%
hat
0%
Himmel
0%
Hölle
0%
Ich
0%
ich
0%
im
0%
in
0%
Jagd
0%
Jahre
0%
kalte
0%
kapiert
0%
kein
0%
kenn
0%
kurz
0%
mal
0%
mein
0%
meine
0%
mich
0%
Mut
0%
nach
0%
Nächte
0%
Osram
0%
Panik
0%
Phönix
0%
poliert
0%
Qualm
0%
Schiff
0%
sich
0%
Stadt
0%
Sternen
0%
Tagen
0%
Träume
0%
Tresen
0%
überm
0%
überrollt
0%
ungeniert
0%
unter
0%
verborgen
0%
verbracht
0%
verkatert
0%
verschlafen
0%
viele
0%
völlig
0%
während
0%
War
0%
Welt
0%
wieder
0%
Wind
0%
zu
0%
Keine übereinstimmenden Quizze gefunden
Verteilung der Resultate
Anzahl Personen mit jedem Resultat
Perzentil nach korrekt beantworteten Fragen
Ihre Resultats-Entwicklung
Sie haben dieses Quiz seit der letzten Aktualisierung nicht gespielt